[Event "DEM U16 2015"]
[Site "Willingen GER"]
[Date "2015.05.27"]
[Round "6"]
[White "Rausch, Adrian"]
[Black "Kololli, Kevin"]
[Result "0-1"]
[Termination "normal"]
[Board "8"]
[WhiteElo "1929"]
[BlackElo "2138"]
[WhiteClock "00:00:53"]
[BlackClock "00:40:59"]
[PlyCount "66"]
[WhiteFideId "12929069"]
[BlackFideId "12936863"]
[EventCountry "GER"]
[EventRounds "9"]
[EventType "swiss"]
[EventDate "2015.05.23"]

1. d4 Nf6 2. Nf3 c5 3. e3 e6 4. Bd3 Nc6 5. b3 d5 6. O-O Bd6 7. Bb2 O-O 8. Nbd2
Qe7 9. Ne5 cxd4 10. exd4 Ba3 11. Qc1 Bxb2 12. Qxb2 Nd7 13. c4 Ndxe5 14. dxe5
Qc7 15. f4 Bd7 16. a3 Rac8 17. Rae1 Rfe8 18. Rf3 g6 19. Rg3 Na5 20. b4 Nc6 21.
h4 Ne7 22. h5 Kf8 23. cxd5 exd5 24. Kh2 Be6 25. Nf3 Qd7 26. Ng5 Kg8 27. h6 Qc7
28. f5 Nxf5 29. Bxf5 Bxf5 30. e6 fxe6 31. Qf6 Qe7 32. Qd4 Qf8 33. Qh4 Rc4 0-1

[Event "DEM U16 2015"]
[Site "Willingen GER"]
[Date "2015.05.27"]
[Round "6"]
[White "Sawlin, Leonid"]
[Black "Ramien, David"]
[Result "1-0"]
[Termination "normal"]
[Board "9"]
[WhiteElo "2121"]
[BlackElo "1965"]
[WhiteClock "00:50:49"]
[BlackClock "00:24:20"]
[PlyCount "113"]
[WhiteFideId "4689542"]
[BlackFideId "12948241"]
[EventCountry "GER"]
[EventRounds "9"]
[EventType "swiss"]
[EventDate "2015.05.23"]

1. e4 c5 2. Nf3 Nc6 3. c3 g6 4. d4 cxd4 5. cxd4 d5 6. exd5 Qxd5 7. Nc3 Qa5 8.
d5 Nb8 9. Qd4 Nf6 10. Bb5+ Bd7 11. Bc4 Bg7 12. Bd2 Qd8 13. O-O O-O 14. Rfe1 Bg4
15. Qf4 Nbd7 16. a3 Rc8 17. Ba2 Nc5 18. Ne5 Bf5 19. Qf3 Nfd7 20. Nxd7 Qxd7 21.
Bg5 Rfe8 22. Bc4 a6 23. a4 Bxc3 24. Qxc3 Ne4 25. Rxe4 Bxe4 26. Bh6 f6 27. d6+
e6 28. Qd4 Bc2 29. Re1 Kf7 30. Re3 Bf5 31. g4 Rxc4 32. Qxc4 Rc8 33. Qb4 Rc1+
34. Kg2 Qc6+ 35. f3 Rc4 36. d7 Rxb4 37. d8=N+ Ke7 38. Nxc6+ bxc6 39. gxf5 Rxb2+
40. Kg3 gxf5 41. Rc3 Kd7 42. Rc4 e5 43. Bg7 f4+ 44. Kh3 Rf2 45. Rc3 Kd6 46.
Bxf6 Ra2 47. Rc4 Rf2 48. Kg4 Rxh2 49. Re4 h5+ 50. Kf5 h4 51. Bxe5+ Kd5 52. Rd4+
Kc5 53. Rxf4 h3 54. Rh4 Ra2 55. Ke6 Kb6 56. f4 Rxa4 57. Rxh3 1-0

[Event "DEM U16 2015"]
[Site "Willingen GER"]
[Date "2015.05.27"]
[Round "6"]
[White "Niermann, Tristan"]
[Black "Schmekel, Florian"]
[Result "1/2-1/2"]
[Termination "normal"]
[Board "10"]
[WhiteElo "1855"]
[BlackElo "1881"]
[PlyCount "116"]
[WhiteFideId "12990698"]
[BlackFideId "12913456"]
[EventCountry "GER"]
[EventRounds "9"]
[EventType "swiss"]
[EventDate "2015.05.23"]

1. e4 c5 2. c3 d5 3. exd5 Qxd5 4. d4 Nc6 5. Nf3 Bg4 6. dxc5 Qxd1+ 7. Kxd1 Bxf3+
8. gxf3 O-O-O+ 9. Kc2 e6 10. Be3 Nf6 11. Nd2 Nd5 12. b4 g6 13. Nc4 Bg7 14. b5
Ncb4+ 15. Kb3 Nxc3 16. Nd6+ Rxd6 17. cxd6 Nbd5 18. Rc1 Kd7 19. Bd2 Rc8 20. Bc4
Rxc4 21. Kxc4 Nb6+ 22. Kb3 Nxb5 23. Be3 Nd5 24. Rhd1 a6 25. Bc5 Be5 26. a4 Nxd6
27. Bxd6 Bxd6 28. h3 b5 29. axb5 axb5 30. Ra1 Ke7 31. Ra7+ Kf6 32. Ra6 Ke7 33.
Rda1 Be5 34. Re1 Bd4 35. Re2 Kf6 36. Ra5 h5 37. Re4 e5 38. Kc2 Nf4 39. h4 Nh3
40. Rxb5 Ke6 41. Re2 f6 42. Ra5 Kf5 43. Ra6 Ng1 44. Re1 Nxf3 45. Rh1 e4 46. Rf1
Nxh4 47. Kd2 Nf3+ 48. Ke2 h4 49. Ra3 h3 50. Rxf3+ exf3+ 51. Kxf3 Be5 52. Rh1 h2
53. Kg2 g5 54. Rb1 g4 55. Rc1 Kg6 56. Rc2 f5 57. Ra2 Kg5 58. Rc2 Bd6 1/2-1/2

[Event "DEM U16 2015"]
[Site "Willingen GER"]
[Date "2015.05.27"]
[Round "6"]
[White "Gretz, Denis"]
[Black "Krüger, David"]
[Result "1/2-1/2"]
[Termination "normal"]
[Board "11"]
[WhiteElo "2241"]
[BlackElo "1905"]
[PlyCount "63"]
[WhiteFideId "12945188"]
[BlackFideId "12921858"]
[EventCountry "GER"]
[EventRounds "9"]
[EventType "swiss"]
[EventDate "2015.05.23"]

1. e4 e5 2. Nf3 Nc6 3. Bc4 Nf6 4. d3 Bc5 5. c3 a6 6. Bb3 Ba7 7. Nbd2 d6 8. Nf1
h6 9. h3 Ne7 10. Nh4 Ng6 11. Nxg6 fxg6 12. Be3 Qe7 13. Bxa7 Rxa7 14. Ne3 Be6
15. Bxe6 Qxe6 16. Qb3 Ke7 17. c4 Kf7 18. Nd5 c6 19. Qb6 Rha8 20. Nc7 Qe7 21.
Nxa8 Rxa8 22. O-O-O a5 23. f3 a4 24. d4 Ra6 25. Qb4 exd4 26. Rhe1 c5 27. Qd2
Qe6 28. Qd3 Nh5 29. f4 Kf8 30. f5 Qe5 31. Rf1 a3 32. fxg6+ 1/2-1/2

[Event "DEM U16 2015"]
[Site "Willingen GER"]
[Date "2015.05.27"]
[Round "6"]
[White "Ngo, Minh Duc"]
[Black "Nothnagel, Marian Can"]
[Result "1-0"]
[Termination "normal"]
[Board "12"]
[WhiteElo "2040"]
[BlackElo "1904"]
[PlyCount "111"]
[WhiteFideId "12942693"]
[BlackFideId "12921530"]
[EventCountry "GER"]
[EventRounds "9"]
[EventType "swiss"]
[EventDate "2015.05.23"]

1. e4 d5 2. exd5 Nf6 3. d4 Nxd5 4. c4 Nb6 5. Nc3 g6 6. h3 Bg7 7. Nf3 c5 8. Be3
O-O 9. Be2 Nc6 10. d5 Na5 11. Nd2 Bxc3 12. bxc3 Qc7 13. O-O Rd8 14. Qc1 Nd7 15.
Ne4 Nf6 16. Bf4 Qd7 17. Nxc5 Qe8 18. Bc7 b6 19. Bxd8 Qxd8 20. Nb3 Nb7 21. Nd4
Bd7 22. Qf4 Rc8 23. Rfe1 Nd6 24. Nf3 Nfe4 25. Bd3 Nc5 26. Bc2 Bf5 27. Bxf5 Nxf5
28. Rad1 Qc7 29. Qxc7 Rxc7 30. Nd4 Nd6 31. Nb5 Nxb5 32. cxb5 Nb7 33. a4 Kf8 34.
Re3 Nd6 35. Red3 Nc4 36. Rb1 Ne5 37. d6 exd6 38. Rxd6 Rxc3 39. Re1 Nd3 40. Rd8+
Kg7 41. Re7 Rc1+ 42. Kh2 Nxf2 43. Rdd7 Kg8 44. Rxf7 Rh1+ 45. Kg3 Ne4+ 46. Kh4
Rg1 47. Rg7+ Kf8 48. Rdf7+ Ke8 49. Rxa7 Kf8 50. Rgc7 g5+ 51. Kh5 Nf6+ 52. Kxg5
Ne8 53. Rxh7 Rxg2+ 54. Kh4 Kg8 55. Rhe7 Ng7 56. Rxg7+ 1-0

[Event "DEM U16 2015"]
[Site "Willingen GER"]
[Date "2015.05.27"]
[Round "6"]
[White "Greßmann, Moritz"]
[Black "Rieper, Julian"]
[Result "1/2-1/2"]
[Termination "normal"]
[Board "13"]
[WhiteElo "2022"]
[BlackElo "1844"]
[PlyCount "103"]
[WhiteFideId "24695084"]
[BlackFideId "12936960"]
[EventCountry "GER"]
[EventRounds "9"]
[EventType "swiss"]
[EventDate "2015.05.23"]

1. e4 e5 2. Nf3 Nc6 3. Bc4 Nf6 4. d3 Be7 5. c3 O-O 6. O-O d5 7. exd5 Nxd5 8.
Re1 Bg4 9. h3 Bh5 10. Nbd2 Nf4 11. Ne4 Na5 12. Bxf4 exf4 13. Ned2 Nxc4 14. Nxc4
c6 15. d4 Re8 16. Qd3 f6 17. Nh4 Qd5 18. Qf5 Bf8 19. Qxd5+ cxd5 20. Nd2 b5 21.
Nhf3 Rac8 22. Rxe8 Bxe8 23. a3 a5 24. Nb3 b4 25. axb4 axb4 26. cxb4 Bxb4 27.
Rc1 Rxc1+ 28. Nxc1 Bb5 29. Na2 Bd6 30. Nc3 Bc6 31. Ne1 Bb4 32. Nd3 Bxc3 33.
bxc3 g5 34. Nb4 Bb7 35. Kf1 Kf7 36. Ke2 Ke6 37. Kf3 h5 38. g3 fxg3 39. fxg3 Kd6
40. h4 Bc8 41. Nc2 Bg4+ 42. Kf2 Bf5 43. Ne3 Be4 44. g4 gxh4 45. gxh5 f5 46. h6
f4 47. Ng2 h3 48. h7 Bxh7 49. Nxf4 h2 50. Kg2 Be4+ 51. Kxh2 Kc6 52. Nxd5
1/2-1/2

[Event "DEM U16 2015"]
[Site "Willingen GER"]
[Date "2015.05.27"]
[Round "6"]
[White "Ronge, Tim"]
[Black "Philipp, Mathias"]
[Result "1-0"]
[Termination "normal"]
[Board "14"]
[WhiteElo "1943"]
[BlackElo "1775"]
[PlyCount "87"]
[WhiteFideId "12955418"]
[BlackFideId "12958883"]
[EventCountry "GER"]
[EventRounds "9"]
[EventType "swiss"]
[EventDate "2015.05.23"]

1. d4 Nf6 2. c4 c5 3. d5 b5 4. Nf3 e6 5. Bg5 h6 6. Bxf6 Qxf6 7. Nc3 a6 8. cxb5
Bb7 9. e4 exd5 10. exd5 Be7 11. Bc4 O-O 12. O-O Qb6 13. a4 axb5 14. Bxb5 Ba6
15. Qe2 Bxb5 16. Nxb5 Bf6 17. Nd2 Na6 18. Nc4 Qb7 19. Rfd1 Nc7 20. Ncd6 Qb6 21.
Nxc7 Qxc7 22. Nb5 Qf4 23. Qc2 Qb4 24. Ra2 Rfb8 25. b3 Re8 26. g3 Re1+ 27. Rxe1
Qxe1+ 28. Kg2 Qb4 29. Qc4 Qe1 30. Re2 Qd1 31. Re3 Rc8 32. d6 g6 33. Qd3 Qa1 34.
Qd5 Qa2 35. Qb7 Rd8 36. Rf3 Kg7 37. Qc7 Qa1 38. Qxc5 Re8 39. Re3 Be5 40. Nc7
Bd4 41. Nxe8+ Kf8 42. Qc8 Bxe3 43. Nf6+ Kg7 44. Qg8+ 1-0

[Event "DEM U16 2015"]
[Site "Willingen GER"]
[Date "2015.05.27"]
[Round "6"]
[White "Haase, Dominik"]
[Black "Hartge, Gedeon"]
[Result "1/2-1/2"]
[Termination "normal"]
[Board "15"]
[WhiteElo "1487"]
[BlackElo "1870"]
[PlyCount "51"]
[WhiteFideId "16208781"]
[BlackFideId "12932116"]
[EventCountry "GER"]
[EventRounds "9"]
[EventType "swiss"]
[EventDate "2015.05.23"]

1. d4 Nf6 2. c4 c5 3. d5 b5 4. Qc2 g6 5. Nf3 d6 6. e4 Bg7 7. Bd3 O-O 8. O-O
bxc4 9. Bxc4 Ba6 10. Nbd2 Qc7 11. Re1 Nfd7 12. Rb1 Bxc4 13. Nxc4 a5 14. Bf4 Nb6
15. e5 Nxc4 16. Qxc4 Nd7 17. exd6 exd6 18. Re7 Bf6 19. Re2 Rab8 20. Bh6 Rfe8
21. b3 Nb6 22. Rxe8+ Rxe8 23. Qb5 Rd8 24. Re1 Nd7 25. g3 Bg7 26. Bxg7 1/2-1/2

[Event "DEM U16 2015"]
[Site "Willingen GER"]
[Date "2015.05.28"]
[Round "7"]
[White "Vogel, Roven"]
[Black "Kollars, Dmitrij"]
[Result "1/2-1/2"]
[Termination "normal"]
[Board "1"]
[WhiteElo "2429"]
[BlackElo "2410"]
[WhiteClock "00:01:01"]
[BlackClock "00:01:58"]
[PlyCount "123"]
[WhiteFideId "12908088"]
[BlackFideId "12909572"]
[EventCountry "GER"]
[EventRounds "9"]
[EventType "swiss"]
[EventDate "2015.05.23"]

1. c4 Nf6 2. Nc3 e5 3. g3 c6 4. Bg2 d5 5. d4 exd4 6. Qxd4 Be6 7. cxd5 cxd5 8.
Nf3 Nc6 9. Qa4 Be7 10. O-O O-O 11. Be3 Ng4 12. Bd4 Nxd4 13. Nxd4 Nf6 14. Rfd1
Qb6 15. Qb3 Qxb3 16. Nxb3 Rfd8 17. Nd4 Rac8 18. e3 Bb4 19. Nce2 Bg4 20. f3 Bd7
21. g4 h6 22. h3 g5 23. Kf2 Re8 24. Rd3 Bd6 25. Nc3 Bc5 26. Re1 Re7 27. a3 Bb6
28. Nce2 Kh7 29. Rd2 Ba5 30. b4 Bb6 31. Rc1 Rxc1 32. Nxc1 Ba4 33. Bf1 Rc7 34.
Bd3+ Kg8 35. Nce2 Bxd4 36. Nxd4 Rc3 37. Be2 a6 38. Rd3 Rc1 39. Nf5 Rc2 40. Ke1
Rc1+ 41. Kf2 Rc2 42. Nxh6+ Kh7 43. Nxf7 Bb5 44. Ke1 Kg8 45. Nxg5 Bxd3 46. Bxd3
Ra2 47. Ne6 Rxa3 48. Kd2 Rb3 49. b5 axb5 50. h4 b4 51. g5 Nh5 52. Bg6 Ng7 53.
Nf4 d4 54. h5 Rxe3 55. Be4 Ne8 56. h6 Nd6 57. Bd5+ Kh7 58. Ne6 b3 59. Nf8+ Kh8
60. Ng6+ Kh7 61. Nf8+ Kh8 62. Ng6+ 1/2-1/2

[Event "DEM U16 2015"]
[Site "Willingen GER"]
[Date "2015.05.28"]
[Round "7"]
[White "Keymer, Vincent"]
[Black "Lagunow, Raphael"]
[Result "1/2-1/2"]
[Termination "normal"]
[Board "2"]
[WhiteElo "2338"]
[BlackElo "2179"]
[WhiteClock "00:24:07"]
[BlackClock "00:02:25"]
[PlyCount "145"]
[WhiteFideId "12940690"]
[BlackFideId "24652644"]
[EventCountry "GER"]
[EventRounds "9"]
[EventType "swiss"]
[EventDate "2015.05.23"]

1. c4 c5 2. Nc3 Nc6 3. g3 g6 4. Bg2 Bg7 5. d3 d6 6. Qd2 Qa5 7. e3 Bxc3 8. bxc3
Nf6 9. Ne2 Bd7 10. O-O h5 11. Nf4 h4 12. Nd5 Nh5 13. e4 O-O-O 14. Qc2 f6 15.
Rb1 e6 16. Nf4 Nxf4 17. Bxf4 e5 18. Be3 Rh7 19. Rfd1 hxg3 20. hxg3 Be6 21. Rb5
Qc7 22. Rdb1 b6 23. Qa4 Na5 24. Qd1 Rdh8 25. f4 Rh2 26. R5b2 Qh7 27. Qf3 Bh3
28. Kxh2 Bg4+ 29. Kg1 Qh2+ 30. Kf2 Bxf3 31. Kxf3 Qh7 32. Rh1 Qg7 33. Rbb1 Rxh1
34. Rxh1 Kb7 35. Bh3 Qf7 36. f5 g5 37. Bg4 b5 38. Rb1 a6 39. a4 Kc7 40. axb5
axb5 41. Rxb5 Nc6 42. Rb1 Qe8 43. Kf2 Qh8 44. Bf3 Qh2+ 45. Bg2 Qh8 46. Rh1 Qg7
47. Bf3 Ne7 48. Bh5 Kb6 49. d4 Qg8 50. dxc5+ dxc5 51. Rb1+ Kc6 52. Be2 Qa8 53.
Rb5 Kd7 54. Bd3 Qa2+ 55. Kf3 Qa1 56. Rxc5 Qd1+ 57. Be2 Qh1+ 58. Kf2 Qxe4 59. g4
Qc2 60. Ra5 Nc6 61. Rd5+ Kc7 62. Bd2 Ne7 63. Rc5+ Kd6 64. Be3 Qxc3 65. Rb5 Kd7
66. Rb7+ Ke8 67. Rb6 Kf7 68. Rd6 Qa1 69. c5 Qh1 70. Rd7 Qh2+ 71. Ke1 Qh1+ 72.
Kd2 Qe4 73. Ra7 1/2-1/2

[Event "DEM U16 2015"]
[Site "Willingen GER"]
[Date "2015.05.28"]
[Round "7"]
[White "Kololli, Martin"]
[Black "Urban, Konstantin"]
[Result "1/2-1/2"]
[Termination "normal"]
[Board "3"]
[WhiteElo "2229"]
[BlackElo "2206"]
[WhiteClock "00:20:01"]
[BlackClock "00:39:17"]
[PlyCount "45"]
[WhiteFideId "12936910"]
[BlackFideId "12927511"]
[EventCountry "GER"]
[EventRounds "9"]
[EventType "swiss"]
[EventDate "2015.05.23"]

1. e4 c6 2. c4 d5 3. exd5 cxd5 4. cxd5 Nf6 5. Nc3 Nxd5 6. Nf3 Nc6 7. Bb5 e6 8.
O-O Be7 9. d4 O-O 10. Re1 Bd7 11. Nxd5 exd5 12. Qb3 Be6 13. Bxc6 bxc6 14. Ne5
Rc8 15. Nd3 Qb6 16. Qc3 c5 17. dxc5 Bxc5 18. Nxc5 Qxc5 19. Qg3 Bf5 20. Bf4 Rfe8
21. Rxe8+ Rxe8 22. Be5 Bg6 23. Qc3 1/2-1/2

[Event "DEM U16 2015"]
[Site "Willingen GER"]
[Date "2015.05.28"]
[Round "7"]
[White "Bergauz, Noam"]
[Black "Uksini, Bardhyl"]
[Result "1-0"]
[Termination "normal"]
[Board "4"]
[WhiteElo "2296"]
[BlackElo "2222"]
[WhiteClock "00:24:25"]
[BlackClock "00:25:51"]
[PlyCount "95"]
[WhiteFideId "12938033"]
[BlackFideId "1628313"]
[EventCountry "GER"]
[EventRounds "9"]
[EventType "swiss"]
[EventDate "2015.05.23"]

1. e4 c5 2. Nf3 e6 3. d4 cxd4 4. Nxd4 Nc6 5. Nc3 Qc7 6. g3 a6 7. Bg2 Nf6 8. O-O
h5 9. Nxc6 bxc6 10. Re1 e5 11. Na4 d6 12. c4 Be6 13. b3 Be7 14. Qd3 h4 15. Be3
hxg3 16. hxg3 O-O 17. Rad1 Rab8 18. Bc1 Rfd8 19. Ba3 d5 20. Bxe7 Qxe7 21. exd5
cxd5 22. cxd5 Bxd5 23. Qxa6 Bxg2 24. Kxg2 e4 25. Qe2 Qe5 26. Nb2 Re8 27. Nc4
Qe6 28. Rd4 Qc6 29. Rd6 Qc5 30. Qe3 Qf5 31. Qe2 Qc5 32. Red1 Qb4 33. Qe3 Rb5
34. R6d4 Rbe5 35. Nd6 Qa5 36. Nxe8 Rxe8 37. a4 Re5 38. Qf4 Rf5 39. b4 Rxf4 40.
bxa5 Rf5 41. Rd8+ Kh7 42. Ra8 Ng4 43. Rf1 e3 44. f3 Ne5 45. a6 Nc4 46. a7 Ra5
47. Rc8 Nb6 48. Rb1 1-0

[Event "DEM U16 2015"]
[Site "Willingen GER"]
[Date "2015.05.28"]
[Round "7"]
[White "Kololli, Kevin"]
[Black "Sawlin, Leonid"]
[Result "0-1"]
[Termination "normal"]
[Board "5"]
[WhiteElo "2138"]
[BlackElo "2121"]
[WhiteClock "00:36:26"]
[BlackClock "00:30:48"]
[PlyCount "72"]
[WhiteFideId "12936863"]
[BlackFideId "4689542"]
[EventCountry "GER"]
[EventRounds "9"]
[EventType "swiss"]
[EventDate "2015.05.23"]

1. e4 e6 2. d4 d5 3. Nd2 Nf6 4. Bd3 c5 5. c3 Nc6 6. Ngf3 cxd4 7. cxd4 Qb6 8.
O-O Nb4 9. Bb1 dxe4 10. Nxe4 Be7 11. Re1 Nbd5 12. Ne5 O-O 13. Qd3 Nxe4 14. Qxe4
f5 15. Qd3 Rd8 16. a3 Bf6 17. Qc4 Bd7 18. Ba2 Be8 19. Qd3 Bb5 20. Qb3 Rac8 21.
Nf3 Qa6 22. Bg5 Ba4 23. Rxe6 Bxb3 24. Rxa6 Bxa2 25. Rxa7 Bxg5 26. Nxg5 h6 27.
Nf3 Rc7 28. h3 Bc4 29. Rc1 Ba6 30. Rxc7 Nxc7 31. a4 Ra8 32. Rxa8+ Nxa8 33. b4
Be2 34. Ne5 Nb6 35. Ng6 Kf7 36. Nf4 Bc4 0-1

[Event "DEM U16 2015"]
[Site "Willingen GER"]
[Date "2015.05.28"]
[Round "7"]
[White "Ehmann, Thilo"]
[Black "Herbrig, Alexander"]
[Result "1/2-1/2"]
[Termination "normal"]
[Board "6"]
[WhiteElo "2234"]
[BlackElo "2025"]
[WhiteClock "01:13:58"]
[BlackClock "00:22:51"]
[PlyCount "94"]
[WhiteFideId "12940968"]
[BlackFideId "12952044"]
[EventCountry "GER"]
[EventRounds "9"]
[EventType "swiss"]
[EventDate "2015.05.23"]

1. e4 c5 2. Nf3 d6 3. d4 cxd4 4. Nxd4 Nf6 5. f3 a6 6. c4 g6 7. Be3 Bg7 8. Nc3
Nc6 9. Qd2 O-O 10. Be2 Bd7 11. O-O Nxd4 12. Bxd4 Be6 13. Nd5 Bxd5 14. cxd5 Nd7
15. Bxg7 Kxg7 16. Qd4+ Kg8 17. Rac1 Rc8 18. Kh1 Qb6 19. Qd2 a5 20. b3 Qb4 21.
Qg5 Nf6 22. Bd3 Rc3 23. Rcd1 Qc5 24. Bb1 Rc8 25. Rfe1 Kg7 26. e5 dxe5 27. Qxe5
Qd6 28. Qd4 R3c5 29. Be4 b6 30. g3 Kg8 31. Re2 Rd8 32. Red2 Qc7 33. Qb2 Rd6 34.
g4 Qd7 35. Qe5 Nxe4 36. fxe4 e6 37. h3 exd5 38. Rxd5 Rcxd5 39. Rxd5 Rxd5 40.
exd5 h5 41. d6 hxg4 42. hxg4 Qxg4 43. Kh2 Kh7 44. Qe7 Qf4+ 45. Kg1 Qc1+ 46. Kf2
Qd2+ 47. Kf3 Qd3+ 1/2-1/2

[Event "DEM U16 2015"]
[Site "Willingen GER"]
[Date "2015.05.28"]
[Round "7"]
[White "Schmekel, Florian"]
[Black "Schröder, Kevin"]
[Result "0-1"]
[Termination "normal"]
[Board "7"]
[WhiteElo "1881"]
[BlackElo "2244"]
[WhiteClock "01:11:13"]
[BlackClock "01:28:09"]
[PlyCount "32"]
[WhiteFideId "12913456"]
[BlackFideId "12929840"]
[EventCountry "GER"]
[EventRounds "9"]
[EventType "swiss"]
[EventDate "2015.05.23"]

1. d4 d5 2. Nf3 e6 3. c4 a6 4. Nc3 dxc4 5. e4 b5 6. a4 b4 7. Na2 Bb7 8. Bxc4
Bxe4 9. Qe2 Nf6 10. Bg5 Bd5 11. Rc1 Be7 12. Bxf6 gxf6 13. Bxd5 Qxd5 14. Qc4 c6
15. Nxb4 Qa5 16. O-O Qxb4 0-1

[Event "DEM U16 2015"]
[Site "Willingen GER"]
[Date "2015.05.28"]
[Round "7"]
[White "Gschnitzer, Adrian"]
[Black "Ngo, Minh Duc"]
[Result "1-0"]
[Termination "normal"]
[Board "8"]
[WhiteElo "2127"]
[BlackElo "2040"]
[WhiteClock "00:51:19"]
[BlackClock "00:24:37"]
[PlyCount "71"]
[WhiteFideId "1270337"]
[BlackFideId "12942693"]
[EventCountry "GER"]
[EventRounds "9"]
[EventType "swiss"]
[EventDate "2015.05.23"]

1. e4 e6 2. d4 d5 3. Nd2 Nf6 4. e5 Nfd7 5. Bd3 c5 6. c3 Nc6 7. Ne2 f6 8. Nf4
cxd4 9. Nxe6 Qb6 10. cxd4 Ncxe5 11. Nxg7+ Bxg7 12. dxe5 Nxe5 13. Qh5+ Kd8 14.
Be2 Be6 15. O-O Rc8 16. Nf3 Bg4 17. Qh4 Bxf3 18. Bxf3 Nxf3+ 19. gxf3 Rc4 20.
Qh5 Qe6 21. b3 Rc2 22. Bf4 f5 23. Rac1 Rxc1 24. Rxc1 Qg6+ 25. Qxg6 hxg6 26. Rc7
Bh6 27. Bd6 Re8 28. Rxb7 Re1+ 29. Kg2 d4 30. Rb4 Bg7 31. Rb8+ Kd7 32. Bb4 Be5
33. Rb7+ Kc8 34. Re7 Re2 35. f4 Bd6 36. Bxd6 1-0

[Event "DEM U16 2015"]
[Site "Willingen GER"]
[Date "2015.05.28"]
[Round "7"]
[White "Rinck, Michael"]
[Black "Tiarks, Jann-Christian"]
[Result "1-0"]
[Termination "normal"]
[Board "9"]
[WhiteElo "1857"]
[BlackElo "1806"]
[WhiteClock "00:18:30"]
[BlackClock "01:04:16"]
[PlyCount "77"]
[WhiteFideId "24690104"]
[BlackFideId "12951595"]
[EventCountry "GER"]
[EventRounds "9"]
[EventType "swiss"]
[EventDate "2015.05.23"]

1. c4 c5 2. g3 g6 3. Bg2 Bg7 4. Nc3 Nc6 5. Nf3 d6 6. O-O e5 7. a3 Nge7 8. Rb1
a5 9. Ne1 Be6 10. Nd5 O-O 11. Nc2 Rb8 12. b4 axb4 13. axb4 cxb4 14. Ncxb4 Nxb4
15. Nxe7+ Qxe7 16. Rxb4 Rfc8 17. Qa4 Qc7 18. d3 Bd7 19. Qa7 Bc6 20. Bxc6 Qxc6
21. Rb6 Qc7 22. Be3 f5 23. Rfb1 Ra8 24. Qxb7 Qxb7 25. Rxb7 Ra2 26. Kf1 e4 27.
Rd7 Bf8 28. Bf4 exd3 29. exd3 Re8 30. Re1 Rb8 31. Be3 Rbb2 32. Bd4 Rb8 33. Rd1
Rc2 34. Ra1 Rc8 35. Raa7 R2xc4 36. dxc4 Rxc4 37. Ba1 Rc8 38. Kg2 Rc1 39. Bf6
1-0

[Event "DEM U16 2015"]
[Site "Willingen GER"]
[Date "2015.05.28"]
[Round "7"]
[White "Gretz, Denis"]
[Black "Ronge, Tim"]
[Result "1/2-1/2"]
[Termination "normal"]
[Board "10"]
[WhiteElo "2241"]
[BlackElo "1943"]
[PlyCount "49"]
[WhiteFideId "12945188"]
[BlackFideId "12955418"]
[EventCountry "GER"]
[EventRounds "9"]
[EventType "swiss"]
[EventDate "2015.05.23"]

1. e4 c5 2. Nf3 Nc6 3. Bb5 g6 4. O-O Bg7 5. c3 Nf6 6. e5 Nd5 7. d4 cxd4 8. cxd4
O-O 9. Nc3 Nxc3 10. bxc3 d6 11. Re1 Qa5 12. Qa4 Qxa4 13. Bxa4 Bg4 14. exd6 exd6
15. Ba3 Rfd8 16. Rab1 Na5 17. Nd2 Rac8 18. Bb4 Nc6 19. Bxc6 bxc6 20. Ne4 c5 21.
dxc5 dxc5 22. Nxc5 Bxc3 23. Bxc3 Rxc5 24. Bf6 Rdc8 25. h3 1/2-1/2

[Event "DEM U16 2015"]
[Site "Willingen GER"]
[Date "2015.05.28"]
[Round "7"]
[White "Ramien, David"]
[Black "Rausch, Adrian"]
[Result "1-0"]
[Termination "normal"]
[Board "11"]
[WhiteElo "1965"]
[BlackElo "1929"]
[PlyCount "65"]
[WhiteFideId "12948241"]
[BlackFideId "12929069"]
[EventCountry "GER"]
[EventRounds "9"]
[EventType "swiss"]
[EventDate "2015.05.23"]

1. e4 c5 2. Ne2 a6 3. Nbc3 e6 4. g3 b5 5. Bg2 Bb7 6. d4 c4 7. a3 Be7 8. O-O f5
9. exf5 Bxg2 10. Kxg2 exf5 11. d5 Bd6 12. Re1 Kf8 13. Nd4 Qf6 14. Nf3 h6 15.
Be3 Ne7 16. Bd4 Qf7 17. Be5 Bc5 18. Bxb8 Rxb8 19. Ne5 Qe8 20. d6 Ng6 21. Nc6
Qc8 22. Nxb8 Qxb8 23. Qd5 Qxd6 24. Qxf5+ Kg8 25. Kg1 Qb6 26. Nd5 Qc6 27. Nf4
Ne7 28. Rxe7 Bxe7 29. Ng6 Bc5 30. Nxh8 Kxh8 31. Re1 d5 32. Re6 Qa8 33. Qg6 1-0

[Event "DEM U16 2015"]
[Site "Willingen GER"]
[Date "2015.05.28"]
[Round "7"]
[White "Krüger, David"]
[Black "Niermann, Tristan"]
[Result "0-1"]
[Termination "normal"]
[Board "12"]
[WhiteElo "1905"]
[BlackElo "1855"]
[PlyCount "52"]
[WhiteFideId "12921858"]
[BlackFideId "12990698"]
[EventCountry "GER"]
[EventRounds "9"]
[EventType "swiss"]
[EventDate "2015.05.23"]

1. e4 e5 2. Nf3 Nc6 3. c3 d5 4. Qa4 f6 5. Bb5 Nge7 6. O-O dxe4 7. Qxe4 Bf5 8.
Qe2 a6 9. Bxc6+ Nxc6 10. d4 Bd6 11. Nh4 Be6 12. Rd1 Bf7 13. c4 O-O 14. dxe5
fxe5 15. Qe4 Qf6 16. Be3 Nd4 17. Nd2 Kh8 18. Nb3 c5 19. g3 Bxc4 20. Nxd4 exd4
21. Bxd4 cxd4 22. Qxd4 Bb5 23. Qxf6 Rxf6 24. Rac1 Bc6 25. Rd2 g6 26. Ng2 Bc7
0-1

[Event "DEM U16 2015"]
[Site "Willingen GER"]
[Date "2015.05.28"]
[Round "7"]
[White "Hartge, Gedeon"]
[Black "Greßmann, Moritz"]
[Result "0-1"]
[Termination "normal"]
[Board "13"]
[WhiteElo "1870"]
[BlackElo "2022"]
[PlyCount "46"]
[WhiteFideId "12932116"]
[BlackFideId "24695084"]
[EventCountry "GER"]
[EventRounds "9"]
[EventType "swiss"]
[EventDate "2015.05.23"]

1. d4 d5 2. c4 dxc4 3. Nf3 Nf6 4. e3 Bg4 5. Bxc4 e6 6. O-O a6 7. b3 Nc6 8. Bb2
Bd6 9. Nbd2 O-O 10. h3 Bh5 11. Re1 Qe7 12. a3 Rad8 13. Qc2 Bg6 14. Qc1 e5 15.
Bxa6 e4 16. Nh4 Ng4 17. hxg4 Qxh4 18. Bxb7 f5 19. Nf1 fxg4 20. g3 Qf6 21. Qc2
Ne7 22. Re2 Qf5 23. b4 Qb5 0-1

[Event "DEM U16 2015"]
[Site "Willingen GER"]
[Date "2015.05.28"]
[Round "7"]
[White "Rieper, Julian"]
[Black "Philipp, Mathias"]
[Result "1-0"]
[Termination "normal"]
[Board "14"]
[WhiteElo "1844"]
[BlackElo "1775"]
[PlyCount "63"]
[WhiteFideId "12936960"]
[BlackFideId "12958883"]
[EventCountry "GER"]
[EventRounds "9"]
[EventType "swiss"]
[EventDate "2015.05.23"]

1. e4 e5 2. Nf3 Nc6 3. Bb5 a6 4. Ba4 Nf6 5. O-O Be7 6. Re1 b5 7. Bb3 O-O 8. c3
d5 9. exd5 Nxd5 10. Nxe5 Nxe5 11. Rxe5 c6 12. d4 Bd6 13. Re1 Qh4 14. g3 Qh3 15.
Be3 Bg4 16. Qd3 f5 17. Qf1 Qh5 18. f4 g5 19. Nd2 Kh8 20. Bxd5 cxd5 21. a4 b4
22. c4 Rae8 23. cxd5 Rxe3 24. Rxe3 gxf4 25. gxf4 Rg8 26. Rg3 Qh6 27. Re1 Bxf4
28. Re6 Qg5 29. h4 Be3+ 30. Rexe3 Qh6 31. Rd3 f4 32. Rg2 1-0